000 00540nam a2200169 4500
001 132026
003 ES-MaACL
005 20230906194105.0
007 t|
008 070214s1970 sp r ||||1| spa d
100 1 _aRodríguez Rivera, Juan Francisco.
_998760
245 1 3 _aEl ángel de la bondad
_b: quince sermones evangelísticos dados por radio /
_cpor Juan Francisco Rodríguez Rivera.
250 _a2ª ed.
260 _aTarrasa (Barcelona) :
_bClie,
_c1970.
300 _a99 p. ;
_c19 cm.
852 _aES-MaACL
_jC-46363
_bR.74303
999 _c132026
_d132026